[Event "Lidkoping Open 2019"]
[Site "Lidkoping"]
[Date "2019.08.24"]
[Round "4.22"]
[White "Gedda, Peder"]
[Black "Nyberg, Arne"]
[Result "1/2-1/2"]
[WhiteElo "1786"]
[BlackElo "1967"]
[Annotator "NA"]
[PlyCount "107"]
[EventDate "2019.08.19"]
[EventType "swiss"]
[EventCountry "SWE"]
[SourceTitle "playchess.com"]
[Source "ChessBase"]
[SourceQuality "1"]
[TimeControl "2700+10"]

1. e4 {[%emt 0:00:00]} e6 {[%emt 0:00:00]} 2. a3 {[%emt 0:00:03]} d5 {[%emt 0:00:01]} 3. Nc3 {[%emt 0:00:06]} d4 {[%emt 0:00:30]} 4. Nce2 {[%emt 0:00:03]} c5 {[%emt 0:00:04]} 5. d3 {[%emt 0:00:02]} e5 {[%emt 0:00:07]} 6. Nf3 {[%emt 0:00:08]} Nc6 {[%emt 0:00:03]} 7. h3 {[%emt 0:00:29]} Nf6 {[%emt 0:00:04]} 8. g3 {[%emt 0:00:05]} h6 {[%emt 0:00:10]} 9. Bg2 {[%emt 0:00:03]} Bd6 {[%emt 0:00:03]} 10. O-O {[%emt 0:00:05]} O-O {[%emt 0:00:04]} 11. g4 {[%emt 0:00:46]} Nh7 {[%emt 0:00:31]} 12. Ng3 {[%emt 0:00:23]} Be6 {[%emt 0:00:15]} 13. Nf5 {[%emt 0:01:11]} Bxf5 {[%emt 0:00:19]} 14. gxf5 {[%emt 0:43:56]} b5 {[%emt 0:45:09]} 15. Nh2 {[%emt 0:00:00]} Rc8 {[%emt 0:00:00]} 16. Kh1 {[%emt 0:00:00]} c4 {[%emt 0:00:00]} 17. Qg4 {[%emt 0:00:00]} Nf6 {[%emt 0:00:00]} 18. Qh4 {[%emt 0:00:00]} Kh7 {[%emt 0:00:00]} 19. Bf3 {[%emt 0:00:00]} Be7 {[%emt 0:00:00]} 20. Rg1 {[%emt 0:00:00]} Ng8 {[%emt 0:00:00]} 21. Qg3 {[%emt 0:00:00]} Bf6 {[%emt 0:00:00]} 22. Be2 {[%emt 0:00:00]} c3 {[%emt 0:00:00]} 23. bxc3 {[%emt 0:00:00]} dxc3 {[%emt 0:00:00]} 24. Be3 {[%emt 0:00:00]} Nd4 {[%emt 0:00:00]} 25. Bd1 {[%emt 0:00:00]} Rc6 {[%emt 0:00:00]} 26. Ng4 {[%emt 0:00:00]} Re8 {[%emt 0:00:00]} 27. Bxd4 {[%emt 0:00:00]} exd4 {[%emt 0:00:00]} 28. f4 {[%emt 0:02:20]} Bh4 {[%emt 0:00:00]} 29. Qg2 {[%emt 0:00:00]} g6 {[%emt 0:00:00]} 30. Ne5 {[%emt 0:00:00]} Rxe5 {[%emt 0:00:00]} 31. fxe5 {[%emt 0:00:00]} Bg5 {[%emt 0:00:00]} 32. e6 {[%emt 0:00:00]} fxe6 {[%emt 0:00:00]} 33. fxg6+ {[%emt 0:00:00]} Kg7 {[%emt 0:00:00]} 34. e5 {[%emt 0:01:00]} Rc5 {[%emt 0:00:00]} 35. Bg4 {[%emt 0:00:00]} Rxe5 {[%emt 0:00:00]} 36. Rae1 {[%emt 0:00:00]} Be3 {[%emt 0:00:00]} 37. Rgf1 {[%emt 0:00:30]} Nf6 {[%emt 0:03:50]} 38. Re2 {[%emt 0:00:00]} Qd5 {[%emt 0:00:00]} 39. Bf3 {[%emt 0:00:00]} Qc5 {[%emt 0:00:00]} 40. h4 {[%emt 0:00:00]} Rf5 {[%emt 0:00:00]} 41. Be4 {[%emt 0:00:00]} Rxf1+ {[%emt 0:00:00]} 42. Qxf1 {[%emt 0:00:50]} Qh5 {[%emt 0:00:00]} 43. Rh2 {[%emt 0:00:00]} e5 {[%emt 0:00:00]} 44. Bf3 {[%emt 0:00:00]} Qf5 {[%emt 0:00:00]} 45. Qe2 {[%emt 0:00:00]} Bf4 {[%emt 0:00:00]} 46. h5 {[%emt 0:00:00]} Bxh2 {[%emt 0:00:00]} 47. Kxh2 {[%emt 0:00:00]} Qf4+ {[%emt 0:00:00]} 48. Kh3 {[%emt 0:00:00]} Qf5+ {[%emt 0:00:00]} 49. Kg2 {[%emt 0:00:00]} Qg5+ {[%emt 0:00:03]} 50. Kf2 {[%emt 0:00:00]} Qh4+ {[%emt 0:00:05]} 51. Kf1 {[%emt 0:00:00]} Qh3+ {[%emt 0:02:12]} 52. Kg1 {[%emt 0:00:00]} Qg3+ {[%emt 0:00:00]} 53. Kf1 {[%emt 0:00:00]} Qh3+ {[%emt 0:00:00]} 54. Kg1 {[%emt 0:00:00]} 1/2-1/2

[Event "Lidkoping Open 2019"]
[Site "Lidkoping"]
[Date "2019.08.24"]
[Round "4.23"]
[White "Olsson, Stefan"]
[Black "Mathisen, Runar"]
[Result "0-1"]
[WhiteElo "1860"]
[BlackElo "1868"]
[Annotator "NA"]
[PlyCount "142"]
[EventDate "2019.08.19"]
[EventType "swiss"]
[EventCountry "SWE"]
[SourceTitle "playchess.com"]
[Source "ChessBase"]
[SourceQuality "1"]
[TimeControl "2700+10"]

1. e4 {[%emt 0:00:00]} c5 {[%emt 0:00:00]} 2. Nc3 {[%emt 0:00:00]} Nc6 {[%emt 0:00:25]} 3. g3 {[%emt 0:00:24]} g6 {[%emt 0:00:09]} 4. Bg2 {[%emt 0:00:13]} Bg7 {[%emt 0:00:01]} 5. d3 {[%emt 0:00:11]} d6 {[%emt 0:00:29]} 6. Be3 {[%emt 0:45:12]} e6 {[%emt 0:44:56]} 7. Qd2 {[%emt 0:00:10]} Rb8 {[%emt 0:00:10]} 8. f4 {[%emt 0:00:10]} Nge7 {[%emt 0:00:10]} 9. Nf3 {[%emt 0:00:10]} Nd4 {[%emt 0:00:10]} 10. O-O {[%emt 0:00:10]} b5 {[%emt 0:00:10]} 11. Nd1 {[%emt 0:00:10]} d5 {[%emt 0:00:10]} 12. e5 {[%emt 0:00:10]} Nxf3+ {[%emt 0:00:10]} 13. Bxf3 {[%emt 0:00:10]} d4 {[%emt 0:00:00]} 14. Bf2 {[%emt 0:00:10]} Bb7 {[%emt 0:00:20]} 15. Be4 {[%emt 0:00:10]} O-O {[%emt 0:00:10]} 16. Qe2 {[%emt 0:00:10]} Qc7 {[%emt 0:00:10]} 17. g4 {[%emt 0:00:10]} Bxe4 {[%emt 0:00:00]} 18. dxe4 {[%emt 0:00:00]} Rfd8 {[%emt 0:00:00]} 19. Bh4 {[%emt 0:00:20]} c4 {[%emt 0:00:00]} 20. Bf6 {[%emt 0:00:00]} d3 {[%emt 0:00:00]} 21. cxd3 {[%emt 0:00:00]} Qc5+ {[%emt 0:00:00]} 22. Kh1 {[%emt 0:00:00]} cxd3 {[%emt 0:00:00]} 23. Qe1 {[%emt 0:00:00]} d2 {[%emt 0:00:00]} 24. Qh4 {[%emt 0:00:00]} Rd7 {[%emt 0:01:20]} 25. f5 {[%emt 0:00:00]} Qd4 {[%emt 0:00:00]} 26. Nc3 {[%emt 0:00:00]} b4 {[%emt 0:00:00]} 27. Bxg7 {[%emt 0:00:28]} Kxg7 {[%emt 0:00:00]} 28. f6+ {[%emt 0:00:11]} Kf8 {[%emt 0:00:00]} 29. fxe7+ {[%emt 0:00:05]} Rxe7 {[%emt 0:00:00]} 30. Qf6 {[%emt 0:00:06]} Reb7 {[%emt 0:00:00]} 31. Qh8+ {[%emt 0:00:06]} Ke7 {[%emt 0:01:10]} 32. Qf6+ {[%emt 0:00:08]} Ke8 {[%emt 0:00:00]} 33. Qh8+ {[%emt 0:00:09]} Ke7 {[%emt 0:00:00]} 34. Qg7 {[%emt 0:00:09]} Rf8 {[%emt 0:00:00]} 35. Qf6+ {[%emt 0:00:05]} Ke8 {[%emt 0:00:00]} 36. Nd1 {[%emt 0:00:44]} Qxe4+ {[%emt 0:00:00]} 37. Qf3 {[%emt 0:00:02]} Qxf3+ {[%emt 0:00:00]} 38. Rxf3 {[%emt 0:00:01]} Rc7 {[%emt 0:01:10]} 39. Rf1 {[%emt 0:00:14]} Ke7 {[%emt 0:00:00]} 40. Ne3 {[%emt 0:00:03]} Rd8 {[%emt 0:00:00]} 41. b3 {[%emt 0:00:12]} Rc3 {[%emt 0:00:00]} 42. Nc4 {[%emt 0:00:05]} Rd4 {[%emt 0:00:00]} 43. Rfd1 {[%emt 0:00:06]} h5 {[%emt 0:00:00]} 44. gxh5 {[%emt 0:00:02]} gxh5 {[%emt 0:00:00]} 45. Rxd2 {[%emt 0:00:05]} Rcxc4 {[%emt 0:00:00]} 46. Rxd4 {[%emt 0:00:07]} Rxd4 {[%emt 0:00:00]} 47. Rc1 {[%emt 0:01:32]} Kd7 {[%emt 0:00:00]} 48. Rc2 {[%emt 0:00:00]} Rd5 {[%emt 0:00:00]} 49. Re2 {[%emt 0:00:00]} Ke7 {[%emt 0:00:00]} 50. Kg2 {[%emt 0:00:00]} f6 {[%emt 0:00:00]} 51. exf6+ {[%emt 0:00:00]} Kxf6 {[%emt 0:00:00]} 52. Kg3 {[%emt 0:00:00]} Rd4 {[%emt 0:00:00]} 53. Kf3 {[%emt 0:00:00]} Kf5 {[%emt 0:00:00]} 54. Kg3 {[%emt 0:00:00]} e5 {[%emt 0:00:03]} 55. Kf3 {[%emt 0:00:00]} Rd3+ {[%emt 0:00:04]} 56. Kf2 {[%emt 0:00:00]} Kf4 {[%emt 0:00:04]} 57. Rc2 {[%emt 0:00:00]} Rc3 {[%emt 0:00:35]} 58. Rd2 {[%emt 0:00:00]} e4 {[%emt 0:00:05]} 59. Rd7 {[%emt 0:01:44]} Rc2+ {[%emt 0:00:04]} 60. Ke1 {[%emt 0:00:06]} Rxa2 {[%emt 0:00:07]} 61. Rf7+ {[%emt 0:00:04]} Ke3 {[%emt 0:00:01]} 62. Kd1 {[%emt 0:00:03]} a5 {[%emt 0:00:09]} 63. h4 {[%emt 0:00:07]} a4 {[%emt 0:00:11]} 64. bxa4 {[%emt 0:00:03]} Rxa4 {[%emt 0:00:02]} 65. Rf5 {[%emt 0:00:02]} b3 {[%emt 0:00:04]} 66. Kc1 {[%emt 0:00:04]} Kd3 {[%emt 0:00:14]} 67. Rxh5 {[%emt 0:00:02]} e3 {[%emt 0:00:03]} 68. Rd5+ {[%emt 0:00:05]} Rd4 {[%emt 0:00:11]} 69. Re5 {[%emt 0:00:07]} Rxh4 {[%emt 0:00:02]} 70. Kb2 {[%emt 0:00:02]} e2 {[%emt 0:00:12]} 71. Kxb3 {[%emt 0:00:06]} Kd2 {[%emt 0:00:02]} 0-1

[Event "Lidkoping Open 2019"]
[Site "Lidkoping"]
[Date "2019.08.25"]
[Round "5.1"]
[White "Madebrink, Lars"]
[Black "Blomqvist, Erik"]
[Result "0-1"]
[WhiteElo "2147"]
[BlackElo "2507"]
[Annotator "TA"]
[PlyCount "70"]
[EventDate "2019.08.19"]
[EventType "swiss"]
[EventCountry "SWE"]
[SourceTitle "playchess.com"]
[Source "ChessBase"]
[SourceQuality "1"]

{[%evp 10,92,11,10,41,27,19,-2,31,-8,-5,-8,-5,-12,0,-17,0,0,9,0,0,-4,0,-13,-13,-25,-24,-20,-20,-47,-43,-43,-39,-47,-52,-47,-41,-40,-43,-71,-70,-86,-83,-107,-106,-280,-289,-289,-291,-282,-298,-293,-278,-284,-289,-358,-339,-356,-349,-350,-341,-330,-302,-336,-234,-243,-243,-398,-321,-397,-375,-392,-379,-462,-455,-795,-796,-768,-767,-875,-875,-785,-742,-683,-639]} 1. d4 Nf6 2. c4 e6 3. Nf3 Bb4+ 4. Nbd2 O-O 5. a3 Be7 6. e4 d6 {E11: Bogo-Indian} 7. Bd3 e5 8. h3 $146 ({Predecessor:} 8. O-O exd4 9. Nxd4 Nc6 10. Nxc6 bxc6 11. Nb3 Re8 12. Na5 Bd7 13. Bf4 Bf8 14. Re1 {1-0 (34) Nakamura,H (2764)-Jobava,B (2717) Tashkent 2014}) 8... Nfd7 {The position is equal.} 9. O-O exd4 10. Nxd4 Bf6 11. N2f3 Re8 12. Bc2 Nc6 13. Rb1 Nde5 14. Nxc6 Nxc6 15. Be3 b6 16. b3 Bb7 17. Re1 Qe7 18. Qd2 a5 19. Rbd1 Bb2 20. a4 Ba3 21. Bg5 Qf8 22. Re2 Bc5 23. Be3 Rad8 24. Bg5 f6 25. Be3 Nb4 26. Bb1 Bxe4 27. Bxc5 $2 (27. Bxe4 $17 Rxe4 28. Bxc5 Rxe2 29. Qxe2 bxc5 30. Re1) 27... dxc5 $19 28. Qe1 {[#] Hoping for Rxd8.} Bxf3 29. gxf3 Nc6 30. Rxd8 Rxd8 31. Kg2 f5 32. f4 Qf7 33. Re3 Nd4 34. Kh1 Kf8 35. Qg1 Ne6 {Played: Qf7-h5} 0-1

[Event "Lidkoping Open 2019"]
[Site "Lidkoping"]
[Date "2019.08.25"]
[Round "5.2"]
[White "Ernst, Thomas"]
[Black "Ask, Josef"]
[Result "1-0"]
[WhiteElo "2329"]
[BlackElo "2136"]
[Annotator "ChessBase"]
[PlyCount "89"]
[EventDate "2019.08.19"]
[EventType "swiss"]
[EventCountry "SWE"]
[SourceTitle "playchess.com"]
[Source "ChessBase"]
[SourceQuality "1"]
[TimeControl "2700+10"]

1. e4 {[%emt 0:00:00]} c6 {[%emt 0:00:00]} 2. d4 {[%emt 0:00:15]} d5 {[%emt 0:00:05]} 3. Nd2 {[%emt 0:00:09]} dxe4 {[%emt 0:00:08]} 4. Nxe4 {[%emt 0:00:03]} Nf6 {[%emt 0:00:09]} 5. Nxf6+ {[%emt 0:00:03]} exf6 {[%emt 0:00:03]} 6. c3 {[%emt 0:00:05]} Bd6 {[%emt 0:00:09]} 7. Bd3 {[%emt 0:00:06]} O-O {[%emt 0:00:12]} 8. Qc2 {[%emt 0:00:06]} Re8+ {[%emt 0:00:09]} 9. Ne2 {[%emt 0:00:06]} f5 {[%emt 0:00:24]} 10. Bxf5 {[%emt 0:03:14]} Bxf5 {[%emt 0:00:12]} 11. Qxf5 {[%emt 0:00:03]} Nd7 {[%emt 0:00:19]} 12. Qf3 {[%emt 0:04:30]} Qc7 {[%emt 0:02:13]} 13. g3 {[%emt 0:05:04]} Re6 {[%emt 0:04:18]} 14. O-O {[%emt 0:00:11]} Rae8 {[%emt 0:00:22]} 15. Nf4 {[%emt 0:00:06]} Re4 {[%emt 0:00:54]} 16. Bd2 {[%emt 0:02:58]} Qa5 {[%emt 0:01:47]} 17. Nd3 {[%emt 0:02:18]} Qd5 {[%emt 0:02:22]} 18. Qd1 {[%emt 0:04:58]} Qf5 {[%emt 0:01:47]} 19. Re1 {[%emt 0:02:21]} Nf6 {[%emt 0:03:02]} 20. Rxe4 {[%emt 0:03:58]} Qxe4 {[%emt 0:01:22]} 21. Bf4 {[%emt 0:01:29]} Bf8 {[%emt 0:01:20]} 22. Bg5 {[%emt 0:01:45]} Re6 {[%emt 0:02:13]} 23. Nf4 {[%emt 0:01:30]} Rd6 {[%emt 0:00:11]} 24. Qd3 {[%emt 0:01:44]} Qe8 {[%emt 0:00:47]} 25. Bxf6 {[%emt 0:00:40]} Rxf6 {[%emt 0:00:03]} 26. Qe3 {[%emt 0:00:08]} Qd7 {[%emt 0:00:29]} 27. Re1 {[%emt 0:00:14]} Qg4 {[%emt 0:01:03]} 28. Qe4 {[%emt 0:02:52]} h5 {[%emt 0:00:47]} 29. Nd3 {[%emt 0:01:05]} Qh3 {[%emt 0:00:54]} 30. Re3 {[%emt 0:00:36]} Bd6 {[%emt 0:00:43]} 31. Ne5 {[%emt 0:00:28]} Re6 {[%emt 0:01:26]} 32. Qf3 {[%emt 0:00:41]} Rf6 {[%emt 0:00:12]} 33. Qe2 {[%emt 0:00:26]} Qf5 {[%emt 0:01:01]} 34. Kg2 {[%emt 0:01:01]} h4 {[%emt 0:01:05]} 35. g4 {[%emt 0:00:19]} Qb1 {[%emt 0:02:28]} 36. a3 {[%emt 0:00:42]} Qa2 {[%emt 0:00:34]} 37. Nf3 {[%emt 0:01:20]} Qd5 {[%emt 0:03:35]} 38. c4 {[%emt 0:00:25]} h3+ {[%emt 0:00:36]} 39. Kxh3 {[%emt 0:00:17]} Rh6+ {[%emt 0:00:05]} 40. Kg2 {[%emt 0:00:04]} Qa5 {[%emt 0:00:33]} 41. Re8+ {[%emt 0:00:37]} Kh7 {[%emt 0:00:19]} 42. c5 {[%emt 0:00:24]} Bc7 {[%emt 0:00:14]} 43. Ng5+ {[%emt 0:01:12]} Kg6 {[%emt 0:00:04]} 44. h4 {[%emt 0:00:44]} Rxh4 {[%emt 0:11:41]} 45. Qe4+ {[%emt 0:00:18]} 1-0

[Event "Lidkoping Open 2019"]
[Site "Lidkoping"]
[Date "2019.08.25"]
[Round "5.3"]
[White "Mattsson, Michael"]
[Black "Svensson, Bengt"]
[Result "1/2-1/2"]
[WhiteElo "2011"]
[BlackElo "2310"]
[Annotator "ChessBase"]
[PlyCount "38"]
[EventDate "2019.08.19"]
[EventType "swiss"]
[EventCountry "SWE"]
[SourceTitle "playchess.com"]
[Source "ChessBase"]
[SourceQuality "1"]
[TimeControl "2700+10"]

1. e4 {[%emt 0:00:00]} c5 {[%emt 0:00:15]} 2. Nf3 {[%emt 0:00:00]} d6 {[%emt 0:00:29]} 3. d4 {[%emt 0:00:02]} cxd4 {[%emt 0:00:03]} 4. Qxd4 {[%emt 0:00:03]} Bd7 {[%emt 0:01:22]} 5. c4 {[%emt 0:00:34]} Nc6 {[%emt 0:00:03]} 6. Qd2 {[%emt 0:00:31]} g6 {[%emt 0:00:16]} 7. Nc3 {[%emt 0:00:50]} Bh6 {[%emt 0:00:35]} 8. Qc2 {[%emt 0:05:07]} Bg7 {[%emt 0:01:21]} 9. Be2 {[%emt 0:00:53]} Bg4 {[%emt 0:01:13]} 10. O-O {[%emt 0:02:13]} Nf6 {[%emt 0:00:42]} 11. Rd1 {[%emt 0:02:50]} Nd7 {[%emt 0:02:49]} 12. Be3 {[%emt 0:03:02]} O-O {[%emt 0:04:04]} 13. Nd4 {[%emt 0:01:31]} Nxd4 {[%emt 0:01:49]} 14. Bxd4 {[%emt 0:00:03]} Bxe2 {[%emt 0:00:08]} 15. Qxe2 {[%emt 0:00:57]} Rc8 {[%emt 0:02:20]} 16. Nd5 {[%emt 0:03:28]} Rc6 {[%emt 0:04:30]} 17. Nb4 {[%emt 0:01:33]} Rc8 {[%emt 0:00:23]} 18. Nd5 {[%emt 0:00:01]} Rc6 {[%emt 0:00:50]} 19. Nb4 {[%emt 0:00:02]} Rc8 {[%emt 0:00:19]} 1/2-1/2

[Event "Lidkoping Open 2019"]
[Site "Lidkoping"]
[Date "2019.08.25"]
[Round "5.4"]
[White "Bellon Lopez, Juan Manuel"]
[Black "Lind, Jan-Olov"]
[Result "1-0"]
[WhiteElo "2335"]
[BlackElo "2164"]
[Annotator "ChessBase"]
[PlyCount "95"]
[EventDate "2019.08.19"]
[EventType "swiss"]
[EventCountry "SWE"]
[SourceTitle "playchess.com"]
[Source "ChessBase"]
[SourceQuality "1"]
[TimeControl "2700+10"]

1. d4 {[%emt 0:00:00]} g6 {[%emt 0:00:00]} 2. e4 {[%emt 0:00:08]} Bg7 {[%emt 0:00:06]} 3. c4 {[%emt 0:00:15]} d6 {[%emt 0:00:12]} 4. Nc3 {[%emt 0:00:03]} Nf6 {[%emt 0:00:16]} 5. Bg5 {[%emt 0:00:12]} h6 {[%emt 0:03:15]} 6. Be3 {[%emt 0:00:04]} O-O {[%emt 0:06:31]} 7. h3 {[%emt 0:00:38]} e5 {[%emt 0:05:52]} 8. d5 {[%emt 0:00:21]} a5 {[%emt 0:03:12]} 9. Qd2 {[%emt 0:00:32]} Kh7 {[%emt 0:00:06]} 10. Bd3 {[%emt 0:00:13]} Na6 {[%emt 0:00:36]} 11. Nge2 {[%emt 0:00:13]} Qe8 {[%emt 0:03:20]} 12. g4 {[%emt 0:00:32]} Nc5 {[%emt 0:03:56]} 13. Bc2 {[%emt 0:00:13]} c6 {[%emt 0:01:02]} 14. f3 {[%emt 0:14:54]} cxd5 {[%emt 0:00:55]} 15. cxd5 {[%emt 0:01:56]} b5 {[%emt 0:01:31]} 16. a4 {[%emt 0:03:51]} Nxa4 {[%emt 0:02:44]} 17. Nxb5 {[%emt 0:02:31]} Qxb5 {[%emt 0:00:52]} 18. Bxa4 {[%emt 0:00:02]} Qb4 {[%emt 0:01:15]} 19. Qxb4 {[%emt 0:03:33]} axb4 {[%emt 0:00:03]} 20. Kd2 {[%emt 0:00:13]} Bd7 {[%emt 0:02:07]} 21. Bxd7 {[%emt 0:03:06]} Nxd7 {[%emt 0:00:03]} 22. Rhc1 {[%emt 0:00:13]} Rxa1 {[%emt 0:00:55]} 23. Rxa1 {[%emt 0:00:01]} f5 {[%emt 0:00:57]} 24. Ra7 {[%emt 0:00:34]} Nf6 {[%emt 0:00:12]} 25. Kd3 {[%emt 0:01:47]} fxe4+ {[%emt 0:02:11]} 26. fxe4 {[%emt 0:00:03]} Kg8 {[%emt 0:02:16]} 27. Rb7 {[%emt 0:00:47]} h5 {[%emt 0:01:10]} 28. g5 {[%emt 0:00:57]} Nh7 {[%emt 0:00:01]} 29. Rxb4 {[%emt 0:01:09]} Rf3 {[%emt 0:00:15]} 30. Rb8+ {[%emt 0:00:42]} Bf8 {[%emt 0:00:29]} 31. h4 {[%emt 0:00:43]} Rh3 {[%emt 0:00:03]} 32. b4 {[%emt 0:00:20]} Rxh4 {[%emt 0:00:04]} 33. b5 {[%emt 0:00:01]} Rh1 {[%emt 0:01:06]} 34. Ng1 {[%emt 0:00:53]} Rh2 {[%emt 0:01:15]} 35. Bd2 {[%emt 0:01:44]} Rg2 {[%emt 0:00:10]} 36. Nf3 {[%emt 0:00:32]} Rg3 {[%emt 0:01:03]} 37. Ke2 {[%emt 0:07:14]} Rg4 {[%emt 0:00:20]} 38. Ke3 {[%emt 0:00:00]} Nxg5 {[%emt 0:00:27]} 39. Nxg5 {[%emt 0:00:00]} Rxg5 {[%emt 0:00:02]} 40. Kf3 {[%emt 0:00:00]} Rg1 {[%emt 0:00:15]} 41. Bh6 {[%emt 0:00:00]} h4 {[%emt 0:00:14]} 42. Bxf8 {[%emt 0:00:00]} h3 {[%emt 0:00:24]} 43. Bxd6+ {[%emt 0:00:00]} Kf7 {[%emt 0:00:10]} 44. Bxe5 {[%emt 0:00:00]} g5 {[%emt 0:00:01]} 45. Rh8 {[%emt 0:00:00]} g4+ {[%emt 0:00:02]} 46. Kf2 {[%emt 0:00:00]} Rb1 {[%emt 0:00:21]} 47. Rh4 {[%emt 0:00:00]} Rxb5 {[%emt 0:00:18]} 48. Rxg4 {[%emt 0:00:00]} 1-0

[Event "Lidkoping Open 2019"]
[Site "Lidkoping"]
[Date "2019.08.25"]
[Round "5.5"]
[White "Andersson, Fredrik"]
[Black "Carlstrom, Niklas"]
[Result "1/2-1/2"]
[WhiteElo "2264"]
[BlackElo "2095"]
[Annotator "ChessBase"]
[PlyCount "57"]
[EventDate "2019.08.19"]
[EventType "swiss"]
[EventCountry "SWE"]
[SourceTitle "playchess.com"]
[Source "ChessBase"]
[SourceQuality "1"]
[TimeControl "2700+10"]

1. e4 {[%emt 0:00:00]} d6 {[%emt 0:00:00]} 2. d4 {[%emt 0:00:05]} Nf6 {[%emt 0:00:07]} 3. Nc3 {[%emt 0:00:03]} e5 {[%emt 0:00:09]} 4. Nf3 {[%emt 0:00:39]} exd4 {[%emt 0:00:13]} 5. Qxd4 {[%emt 0:01:24]} Be7 {[%emt 0:01:31]} 6. Bf4 {[%emt 0:02:36]} O-O {[%emt 0:01:15]} 7. O-O-O {[%emt 0:00:30]} Nc6 {[%emt 0:00:57]} 8. Qd2 {[%emt 0:01:38]} a6 {[%emt 0:04:03]} 9. Bd3 {[%emt 0:00:23]} Nb4 {[%emt 0:03:12]} 10. Nd5 {[%emt 0:02:36]} Nfxd5 {[%emt 0:01:22]} 11. exd5 {[%emt 0:00:02]} Nxd3+ {[%emt 0:00:10]} 12. Qxd3 {[%emt 0:00:03]} Bg4 {[%emt 0:02:08]} 13. h4 {[%emt 0:02:16]} Qd7 {[%emt 0:01:58]} 14. Rde1 {[%emt 0:03:10]} Rfe8 {[%emt 0:01:07]} 15. Ng5 {[%emt 0:05:57]} Bxg5 {[%emt 0:04:05]} 16. Bxg5 {[%emt 0:01:23]} Rxe1+ {[%emt 0:00:18]} 17. Rxe1 {[%emt 0:00:01]} Re8 {[%emt 0:00:16]} 18. Re3 {[%emt 0:04:34]} h6 {[%emt 0:01:46]} 19. Bf4 {[%emt 0:00:08]} Bf5 {[%emt 0:01:59]} 20. Qc4 {[%emt 0:02:10]} Rxe3 {[%emt 0:01:20]} 21. Bxe3 {[%emt 0:00:02]} Qe7 {[%emt 0:04:25]} 22. g3 {[%emt 0:01:10]} Qe4 {[%emt 0:00:58]} 23. Qxe4 {[%emt 0:03:53]} Bxe4 {[%emt 0:00:07]} 24. c4 {[%emt 0:00:04]} b5 {[%emt 0:01:19]} 25. c5 {[%emt 0:06:29]} dxc5 {[%emt 0:00:34]} 26. Bxc5 {[%emt 0:00:05]} Bxd5 {[%emt 0:00:05]} 27. a3 {[%emt 0:00:10]} a5 {[%emt 0:00:22]} 28. Kd2 {[%emt 0:00:19]} h5 {[%emt 0:00:18]} 29. Ke3 {[%emt 0:00:04]} 1/2-1/2

[Event "Lidkoping Open 2019"]
[Site "Lidkoping"]
[Date "2019.08.25"]
[Round "5.6"]
[White "Olsson, Bo"]
[Black "Nygren, Kim"]
[Result "0-1"]
[WhiteElo "1984"]
[BlackElo "2171"]
[Annotator "ChessBase"]
[PlyCount "66"]
[EventDate "2019.08.19"]
[EventType "swiss"]
[EventCountry "SWE"]
[SourceTitle "playchess.com"]
[Source "ChessBase"]
[SourceQuality "1"]
[TimeControl "2700+10"]

1. Nf3 {[%emt 0:00:00]} d6 {[%emt 0:00:42]} 2. g3 {[%emt 0:00:23]} e5 {[%emt 0:00:22]} 3. Bg2 {[%emt 0:02:44]} f5 {[%emt 0:01:43]} 4. d3 {[%emt 0:05:22]} Nf6 {[%emt 0:00:09]} 5. c4 {[%emt 0:01:16]} Nc6 {[%emt 0:00:31]} 6. O-O {[%emt 0:02:12]} Be7 {[%emt 0:01:59]} 7. Nc3 {[%emt 0:00:11]} O-O {[%emt 0:00:15]} 8. Bg5 {[%emt 0:01:56]} h6 {[%emt 0:00:14]} 9. Bxf6 {[%emt 0:00:08]} Bxf6 {[%emt 0:00:07]} 10. Nd5 {[%emt 0:00:11]} Be6 {[%emt 0:00:06]} 11. Qc2 {[%emt 0:07:56]} g5 {[%emt 0:02:39]} 12. Nxf6+ {[%emt 0:01:55]} Qxf6 {[%emt 0:01:53]} 13. e3 {[%emt 0:00:15]} g4 {[%emt 0:00:11]} 14. Nh4 {[%emt 0:01:25]} f4 {[%emt 0:00:25]} 15. Bxc6 {[%emt 0:04:53]} bxc6 {[%emt 0:00:03]} 16. e4 {[%emt 0:00:18]} Rf7 {[%emt 0:00:16]} 17. Qa4 {[%emt 0:04:19]} Raf8 {[%emt 0:00:23]} 18. Qxa7 {[%emt 0:01:38]} Rg7 {[%emt 0:01:28]} 19. Qb7 {[%emt 0:01:46]} Rg5 {[%emt 0:01:58]} 20. Qxc7 {[%emt 0:01:43]} Rh5 {[%emt 0:00:07]} 21. Nf5 {[%emt 0:02:46]} Bxf5 {[%emt 0:00:21]} 22. exf5 {[%emt 0:00:03]} Rxf5 {[%emt 0:00:05]} 23. Qxc6 {[%emt 0:00:21]} fxg3 {[%emt 0:00:18]} 24. Qg2 {[%emt 0:01:40]} gxf2+ {[%emt 0:00:28]} 25. Kh1 {[%emt 0:01:20]} h5 {[%emt 0:00:01]} 26. a4 {[%emt 0:00:22]} Rg5 {[%emt 0:00:51]} 27. a5 {[%emt 0:00:18]} g3 {[%emt 0:00:44]} 28. h3 {[%emt 0:00:18]} Rg4 {[%emt 0:02:49]} 29. Qd5+ {[%emt 0:01:02]} Kh7 {[%emt 0:00:16]} 30. Kg2 {[%emt 0:00:16]} Rd4 {[%emt 0:00:14]} 31. Qb7+ {[%emt 0:00:41]} Rf7 {[%emt 0:00:02]} 32. Qa8 {[%emt 0:00:16]} d5 {[%emt 0:00:09]} 33. a6 {[%emt 0:00:02]} Qf3# {[%emt 0:00:03]} 0-1